The baffling brain / (Record no. 143967)

MARC details
000 -LEADER
fixed length control field 00599nam a22001817a 4500
005 - DATE AND TIME OF LATEST TRANSACTION
control field 20170831124239.0
010 ## - LCCN (DPL NO)
LC control number ENG-120197
020 ## - INTERNATIONAL STANDARD BOOK NUMBER
International Standard Book Number 9788123019291
Terms of availability 60.00
035 ## - SYSTEM CONTROL NUMBER
System control number EN-103729
037 ## - SOURCE OF ACQUISITION
Source of stock number/acquisition DBAD/PUB
082 ## - DEWEY DECIMAL CLASSIFICATION NUMBER
Classification number 612.8233
100 ## - MAIN ENTRY--PERSONAL NAME
Personal name Chawla,P.Cheena
245 ## - TITLE STATEMENT
Title The baffling brain /
Statement of responsibility, etc by P. Cheena Chawla
260 ## - PUBLICATION, DISTRIBUTION, ETC. (IMPRINT)
Place of publication, distribution, etc Andhra Pradesh
Name of publisher, distributor, etc Publications Division
Date of publication, distribution, etc 2014
270 ## - ADDRESS
Address Ministry of Information and Broadcasting Govt Of India,Soochna Bhawan CGO Complex,Lodhi Road
City New Delhi
Postal code 110003
300 ## - PHYSICAL DESCRIPTION
Extent 78p.
Dimensions 23cm(pbk)
942 ## - ADDED ENTRY ELEMENTS (KOHA)
Source of classification or shelving scheme Dewey Decimal Classification
Item type English Books
Call number suffix CHA
Classification part 6121.8233
Holdings
Withdrawn status Lost status Not for loan Collection code Home library Current library Date acquired Source of acquisition Cost, normal purchase price Full call number Barcode Copy number Cost, replacement price Koha item type
      Non-fiction Narela Narela 31/08/2017 DBAD/PUB 60.00 6121.8233 CHA EN-103729 1 60.00 English Books

© Delhi Public Library
Hit Counter
free hit counter